000 00836caa a22002417a 4500
999 _c408677
_d408677
001 135330
003 UA-OsUOA
005 20200212143946.0
007 ta
008 20190118b un ||||| |||| 00| 0 ukr d
040 _aUA-OsUOA
_bukr
_cUA-OsUOA
_dUA-OsUOA
041 _aukr
080 _a908
090 _a908
_bБ81
100 _aБондарчук Я.
245 _aОстрозька іконописна майстерня ІІ пол. XVIІІ ст.
_cЯ. Бондарчук
300 _aС. 192–197
650 7 _a908 Краєзнавство
_2UDC
773 0 _0308169
_9304324
_dОстрог Острозька Академія 1998
_o62220
_tНаукові записки
_w(UA-OsUOA) 21959
_z966-95166-5-Х
942 _cBKA
_2udc
955 _a1